• 首页
  • 本馆介绍
  • 公告通知
  • 最新文献
  • 馆藏检索
  • 电子资源
  • 读者导购
  • 参考咨询
  • 我的图书馆
  • 登录
  • 详细信息显示
  • 放入我的书架
  • 预约/预借图书
  • 作者相关作品
  • 分类相关作品
  • 丛书相关作品
  • 出版社相关作品

书目信息

  • 表格格式
  • 工作单格式
  • 卡片格式
题名:
秦皇岛港史
    
 
作者: 黄景海 , 奚学瑶 主编
分册:  
出版信息: 北京   人民交通出版社  1985
页数: 376页
开本: 20cm
丛书名: 中国水运史丛书
单 册:
中图分类: F552.9
科图分类:
主题词: 港口--交通运输史--秦皇岛市 , 交通运输史--港口--秦皇岛市
电子资源:
ISBN: 15014.10006
000 00902nam0 2200301 450
000 00865nam0 2200289 450
000 00918nam2 2200289 45
001 0185002466
005 20150323082157.15
010    @a15014.10006@b精装@dCNY5.10
100    @a19930426d1985 em y0chiy0121 ea
101 0  @achi
102    @aCN@b110000
105    @af z 000yy
106    @ar
200 10 @a秦皇岛港史@Aqin huang dao gang shi@e古、近代部分@f黄景海,奚学瑶主编
210    @a北京@c人民交通出版社@d1985
215    @a376页@c图@d20cm
225 2  @a中国水运史丛书
410  0 @120010@a中国水运史丛书
606    @a港口@x交通运输史@y秦皇岛市
606    @a交通运输史@x港口@y秦皇岛市
690    @aF552.9@v4
701  0 @a黄景海@Ahuang jing hai@4主编
701  0 @a奚学瑶@Axi xue yao@4编
801  0 @aCN@b深圳图书馆
905    @b0847811@dF552.9@e8@f1
    
    秦皇岛港史:古、近代部分/黄景海,奚学瑶主编.-北京:人民交通出版社,1985
    376页:图;20cm.-(中国水运史丛书)
    
    
    ISBN 15014.10006(精装):CNY5.10
    
●
相关链接 在E读中查询图书 在五车中查询图书 在当当中查询图书 在豆瓣中查询图书


正题名:秦皇岛港史     索取号:F552.9/8         预约/预借

序号 登录号 条形码 馆藏地/架位号 状态 备注
1 0847811   208478119   地方文献典藏中心/ [索取号:F552.9/8] 在馆    
唐山师范学院图书馆 欢迎您!
大连网信软件有限公司© 版权所有